Country quiz- Ireland - Statistics

General Stats
  • This quiz has been taken 16 times
  • The average score is 13 of 20
Answer Stats
Hint Letter Answer % Correct
18) Ireland in Irish is called E Eire
100%
6) Both the Irish and Scottish languages arecalled G Gaelic
100%
19) Famous Irish rock band lead by Bono U U2
100%
8) Largest city in the above and the 2nd largestbehind Dublin C Cork
93%
1) Ireland is also called the ______ isle E Emerald
93%
3) 3rd most populous city, also the nameof a joke/song L Limerick
93%
4) Famous castle thats said to grantthe gift of the gab to those who kiss the stone B Blarney
80%
5) Ancient Celtic priests were called this D Druids
80%
2) This famous draught beer is brewedin Dublin G Guiness
80%
20) This actor played gangster Thomas Shelbyin Peaky Blinders C Cillian Murphy
67%
11) Irelands cultural heart city, known for festivalsand arts, on the west coast of the country G Galway
67%
16) Lakes in Ireland are called: L lough
67%
15) Longest river in Ireland S Shannon
67%
9) Popular tall cliffs on the western shore ofIreland in county Clare M Moher
47%
7) This province is the largest of the 4, locatedin the southwest part of the country M Munster
47%
13) Historical city on the river Eske in northernIreland, the same name as the county D Donegal
40%
17) The largest lake in Ireland N Neagh
40%
14) Poet William Butler Yeats was from thiscity on the Garavogue river S Sligo
27%
10) This town sits on the shores of Lough Leanein Kerry county K Killarney
20%
12) St Eunans Cathedral is a main attraction in this northern Irish town L Letterkenny
20%
No matching quizzes found
Score Distribution
Percent of People with Each Score
Percentile by Number Answered
Your Score History
You have not taken this quiz